00733nam a2200181 i 450000100060000000300090000600500170001500700030003200800410003504000200007610000440009624502140014026000740035430000210042865000400044965000380048985200240052768783ES-MaACL20230906170348.0t|960829s1875 sp ||||1| spa d aCAM bspa cCAM1 aGiné y Partagás, Juan (d1836-1903)10aProyecto relativo a la instalación de casas de distrito para la verificación de las defunciones y de socorro anexo al de los nuevos cementerios para la ciudad de Barcelona / cpor Juan Giné y Partagás. aBarcelona : bLibrería de Juan y Antonio Bastinos editores, c1875. a23 p. ; c28 cm. 4aMuerte-xPruebas y certificación. 4aServicios funerarios-zBarcelona. aES-MaACLjT-176-F-8